书目信息 |
| 题名: |
旅游市场营销
|
|
| 作者: | 梁昭 主编 | |
| 分册: | ||
| 出版信息: | 北京 中国人民大学出版社 2006 |
|
| 页数: | 281页 | |
| 开本: | 23cm | |
| 丛书名: | ||
| 单 册: | ||
| 中图分类: | F590.8 | |
| 科图分类: | ||
| 主题词: | 旅游业--市场营销学--高等教育--教材 , 旅游业 , 市场营销学 | |
| 电子资源: | ||
| ISBN: | 7-300-07671-8 | |
| 000 | 00944nam0 2200277 450 | |
| 001 | 003340254 | |
| 005 | 20070807150035.67 | |
| 010 | @a7-300-07671-8@dCNY24.00 | |
| 035 | @a003340254 | |
| 100 | @a20070108d2006 em y0chiy0110 ea | |
| 101 | 0 | @achi |
| 102 | @aCN@b110000 | |
| 105 | @ay z 000yy | |
| 106 | @ar | |
| 200 | 1 | @a旅游市场营销@Alv you shi chang ying xiao@f梁昭主编@Fliang zhao zhu bian |
| 210 | @a北京@c中国人民大学出版社@d2006 | |
| 215 | @a281页@d23cm | |
| 300 | @a普通高等教育“十一五”国家级规划教材 高职高专旅游管理系列教材/魏小安总主编 | |
| 330 | @a本书阐述了旅游市场营销计划的编制和实施、旅游市场营销调研、旅游市场营销环境分析、旅游消费者购买行为分析、旅游产品及其营销、旅游目的地营销等内容。 | |
| 606 | 0 | @a旅游业@x市场营销学@x高等教育@j教材 |
| 606 | 0 | @a旅游业 |
| 606 | 0 | @a市场营销学 |
| 690 | @aF590.8@v4 | |
| 701 | 0 | @a梁昭@Aliang zhao@c(女)@4主编 |
| 801 | 0 | @aCN@bNLC@c20070807 |
| 905 | @dF590.8@e206@f4 | |
| 旅游市场营销/梁昭主编.-北京:中国人民大学出版社,2006 |
| 281页;23cm |
| 普通高等教育“十一五”国家级规划教材 高职高专旅游管理系列教材/魏小安总主编 |
| ISBN 7-300-07671-8:CNY24.00 |
| 本书阐述了旅游市场营销计划的编制和实施、旅游市场营销调研、旅游市场营销环境分析、旅游消费者购买行为分析、旅游产品及其营销、旅游目的地营销等内容。 |
| ● |
| 相关链接 |
|
|
|
|
正题名:旅游市场营销
索取号:F590.8/206
 
预约/预借
| 序号 | 登录号 | 条形码 | 馆藏地/架位号 | 状态 | 备注 |
| 1 | 0853711 | 208537118 | 第一样本阅览室/ [索取号:F590.8/206] | 在馆 | |
| 2 | 0853712 | 208537127 | 第一借阅区/ [索取号:F590.8/206] | 在馆 | |
| 3 | 0853713 | 208537136 | 第一借阅区/ [索取号:F590.8/206] | 在馆 | |
| 4 | 0853714 | 208537145 | 第一借阅区/ [索取号:F590.8/206] | 在馆 |